PROBLEMATIKA BAKTERIÁLNYCH ČREVNÝCH NÁKAZ NA SLOVENSKU

Bibliographic Details
Main Author: Červenka, Juraj, 1918-2001 (Author)
Format: Article
Language:Slovak

MARC

LEADER 00000nab a2200000uu 4500
001 vtls011491582
003 SK-MaSNL
005 20260303105230.0
008 230121|1962 xo |||||||||||||||||slo|
015 |a SNBRB 
035 |a (urnnbn)urn:nbn:sk:snk:ar-007m7r 
035 |a (uuid)e053e610-1cd7-4d7d-b97e-27cb06c1027b 
035 |a urn:nbn:sk:snk-abdgip 
040 |a SNKBUCL  |b slo  |c SNKBUCL  |e AACR2 
041 0 |a slo 
044 |a xo  |c SK 
100 1 |a Červenka, Juraj,  |d 1918-2001  |4 aut  |9 157560 
245 1 0 |a PROBLEMATIKA BAKTERIÁLNYCH ČREVNÝCH NÁKAZ NA SLOVENSKU  |c J. Červenka 
773 0 |t Lekársky obzor : odborný časopis Slovenskej zdravotníckej univerzity v Bratislave  |g Roč. 11, č. 5 (1962), s. 263-269 
954 |a odborná, vedecká literatúra pôvodná (slovenská)  |2 lita 
958 |a OND 
958 |a EUIPO 
958 |a article18 
999 |c 1861908  |d 1863838